000 00934nam a2200241 a 4500
001 BRCA_213
005 20190320202924.0
008 780831s1977 sp-a---##b---#001-0#spa-#
040 _aDLC
_cDLC
_dDLC
050 4 _aBX3744
_b.C36 1977
100 1 _aCampomanes, Pedro Rodríguez
_d1723-1803
_9739
245 1 0 _aDictamen fiscal de expulsión de los jesuitas de España
_b1766-1767
_cPedro R. de Campomanes ; edición, introducción y notas de Jorge Cejudo y Teófanes Egido.
260 _aMadrid
_bFundación Universitaria Española
_c1977
300 _a223 p.
_bil., 14 láminas
_c24 cm.
500 _aIncluye índice de nombres
504 _aIncluye referencias bibliográficas
610 2 4 _aJesuitas
_xHistoria
_ySiglo XVIII
_zEspaña
_9740
651 4 _aEspaña
_xIglesia
_ySiglo XVIII
_9741
653 0 _aOrdenes religiosas - Jesuitas
700 1 _aCejudo López, Jorge
_9742
700 1 _aEgido López, Teófanes
_9743
942 _2lcc
_cB
999 _c174
_d174